000 00534nam a2200217Ia 4500
003 OSt
005 20220928143346.0
006 a|||||r|||| 00| 0
007 ta
008 220927b |||||||| |||| 00| 0 eng d
024 _a21727
037 _cTextual
040 _aSDCL
_cSDCL
_beng
041 _2eng
_aeng
082 _aP44, N6
100 _aVanshi Baldev
_9392830
245 0 _aRashtrabhasha tatha Bhartiya bhashain.
260 _c1996
942 _hP44, N6
_cTEXL
_2CC
999 _c823753
_d823753